TV Characters in Costumes Quiz Stats

 Plays Quiz Updated Oct 18, 2016

Also try: Hair in Television
Challenge
Share
Tweet
Score 0/24 Timer 10:00
3 Plays Today
% Correct
Friends
99.3%
South Park
95.7%
Family Guy
94.8%
The Simpsons
93.9%
SpongeBob SquarePants
93.5%
How I Met Your Mother
89.9%
Futurama
87.8%
The Big Bang Theory
85.5%
The Office (U.S.)
80.7%
Modern Family
79.2%
30 Rock
73.9%
Roseanne
70.3%
% Correct
Parks and Recreation
70.2%
Glee
69.2%
Brooklyn Nine-Nine
68.3%
Arrested Development
67.6%
American Dad
63%
Community
62.5%
Bones
57.2%
New Girl
54.3%
Cougar Town
49.8%
Pretty Little Liars
47.9%
It's Always Sunny in Philadelphia
44.2%
Freaks and Geeks
43.1%

You're not logged in!

Compare scores with friends on all Sporcle quizzes.
Join for Free
OR
Log In

You Might Also Like...

Show Comments

Extras

Top Quizzes Today


Score Distribution

Your Account Isn't Verified!

In order to create a playlist on Sporcle, you need to verify the email address you used during registration. Go to your Sporcle Settings to finish the process.

Report this User

Report this user for behavior that violates our Community Guidelines.

Details: